000
00298nam a2200133Ia 4500
008
201214s9999 xx 000 0 und d
100
_a
Redmayne, Paul and Insull,Thomas
245
0
_a
Transport by Sea
260
_a
London
260
_b
John Murray
260
_c
1971
300
_a
48
942
_c
BK
999
_c
5686
_d
5686